000 00260nam a2200085Ia 4500
008 220204s9999 xx 000 0 und d
245 0 _aReport of the second seminar on progress and development of rubber smallholders
260 _aHat Yai
_bANRPC
_c1976
942 _cBK
999 _c43350
_d43350